| 000 | 00344nam a22001337a 4500 | ||
|---|---|---|---|
| 008 | 170825b xxu||||| |||| 00| 0 eng d | ||
| 020 | _a9780312418502 | ||
| 041 | _aeng | ||
| 080 | _a070 | ||
| 100 | _a39 | ||
| 101 | _aMED | ||
| 245 |
_aGETTING THE PICTURE A BRIEF GUIDE TO UNDERSTANDING AND CREATING VISUAL TEXTS _cMUTH,M,F |
||
| 942 |
_2udc _cBK |
||
| 999 |
_c25053 _d25053 |
||